<?xml version="1.0" encoding="UTF-8"?><?xml-stylesheet type="text/xsl" href="static/style.xsl"?><OAI-PMH xmlns="http://www.openarchives.org/OAI/2.0/" xmlns:xsi="http://www.w3.org/2001/XMLSchema-instance" xsi:schemaLocation="http://www.openarchives.org/OAI/2.0/ http://www.openarchives.org/OAI/2.0/OAI-PMH.xsd"><responseDate>2026-04-17T23:13:57Z</responseDate><request verb="GetRecord" identifier="oai:riubu.ubu.es:10259/154" metadataPrefix="marc">https://riubu.ubu.es/oai/request</request><GetRecord><record><header><identifier>oai:riubu.ubu.es:10259/154</identifier><datestamp>2022-04-26T11:42:11Z</datestamp><setSpec>com_10259_2699</setSpec><setSpec>col_10259_2713</setSpec></header><metadata><record xmlns="http://www.loc.gov/MARC21/slim" xmlns:doc="http://www.lyncode.com/xoai" xmlns:xsi="http://www.w3.org/2001/XMLSchema-instance" xmlns:dcterms="http://purl.org/dc/terms/" xsi:schemaLocation="http://www.loc.gov/MARC21/slim http://www.loc.gov/standards/marcxml/schema/MARC21slim.xsd">
<leader>00925njm 22002777a 4500</leader>
<datafield tag="042" ind1=" " ind2=" ">
<subfield code="a">dc</subfield>
</datafield>
<datafield tag="720" ind1=" " ind2=" ">
<subfield code="a">Alzugaray de la Iglesia, Gloria Elena</subfield>
<subfield code="e">author</subfield>
</datafield>
<datafield tag="260" ind1=" " ind2=" ">
<subfield code="c">2011</subfield>
</datafield>
<datafield tag="520" ind1=" " ind2=" ">
<subfield code="a">La investigación desarrollada en esta tesis estuvo orientada a analizar, en profundidad, las situaciones de aprendizaje que acontecen en el aula cuando se enseña el concepto de campo eléctrico en las distintas actividades que se desarrollan en el aula. Se buscó profundizar en cuestiones relacionadas con la comprensión de este concepto y el rendimiento de los estudiantes en los exámenes y, en función de los resultados, estudiar la efectividad de una propuesta de intervención didáctica. &#xd;
Se adoptó como marco la TAS de Ausubel y Novak, conjuntamente con la TMM de Johnson-Laird y la TCC de Vergnaud y se recurrió a los aportes de los fundamentos epistemológicos de la ciencia y sus implicaciones didácticas.&#xd;
Los resultados alcanzados en esta investigación pretenden ser un aporte en la toma de decisiones de futuras propuestas curriculares y didácticas que tengan en cuenta el concepto de campo eléctrico como eje a nivel de los contenidos, de las secuencias de ellos y de los sistemas de evaluación a utilizar. ___________________________________ The author’s experience in college teaching has allowed for acknowledging the lasting reiteration of failures in a group of students when solving examination problems, in which the concept of electric field is relevant. Even among those who come up with satisfactory answers, it is quite common to notice that in their verbal explanation of these solutions they seem to adequately apply formal structures though without granting any physical meaning to the concepts they have used.&#xd;
The Theory of Meaningful Learning, by Ausubel and Novak, the Theory of Mental Models, by Johnson-Laird, and the Theory of Conceptual Fields, by Vergnaud, constitute the theoretical framework of this thesis.  Contributions stemmed from epistemological foundations of science together with their pedagogical implications have been also applied.&#xd;
Research findings of this study intend to contribute to decision making in relation to future curricular and pedagogical proposals that consider the concept of electric field as an axis in reference to contents, their sequencing, and to the evaluation systems to be used.</subfield>
</datafield>
<datafield tag="024" ind2=" " ind1="8">
<subfield code="a">http://hdl.handle.net/10259/154</subfield>
</datafield>
<datafield tag="024" ind2=" " ind1="8">
<subfield code="a">10.36443/10259/154</subfield>
</datafield>
<datafield ind1=" " ind2=" " tag="653">
<subfield code="a">campo eléctrico</subfield>
</datafield>
<datafield ind1=" " ind2=" " tag="653">
<subfield code="a">aprendizaje significativo</subfield>
</datafield>
<datafield ind1=" " ind2=" " tag="653">
<subfield code="a">representaciones mentales</subfield>
</datafield>
<datafield ind1=" " ind2=" " tag="653">
<subfield code="a">campos conceptuales de Vergnaud</subfield>
</datafield>
<datafield ind1=" " ind2=" " tag="653">
<subfield code="a">resolución de problemas</subfield>
</datafield>
<datafield ind1=" " ind2=" " tag="653">
<subfield code="a">electric field</subfield>
</datafield>
<datafield ind1=" " ind2=" " tag="653">
<subfield code="a">meaningful learning</subfield>
</datafield>
<datafield ind1=" " ind2=" " tag="653">
<subfield code="a">mental representation</subfield>
</datafield>
<datafield ind1=" " ind2=" " tag="653">
<subfield code="a">Vergnaud's conceptual fields</subfield>
</datafield>
<datafield ind1=" " ind2=" " tag="653">
<subfield code="a">problem solving</subfield>
</datafield>
<datafield tag="245" ind1="0" ind2="0">
<subfield code="a">La comprensión de problemas de campo eléctrico en estudiantes universitarios: aspectos de la instrucción en la organización de representaciones</subfield>
</datafield>
</record></metadata></record></GetRecord></OAI-PMH>